000 00342nam a22001457a 4500
003 OSt
005 20230713060401.0
008 230713b |||||||| |||| 00| 0 eng d
040 _csero soft
100 _aPradhan, Ramesh. Chandra
245 _aSport Medicine
260 _aNew Delhi
_bSports Publication
300 _a323
942 _2ddc
_c01
999 _c56872
_d56872